La encuadernación del libro en España (Record no. 24332)

MARC details
000 -LEADER
campo de control de longitud fija 00955nam a2200217 i 4500
001 - NÚMERO DE CONTROL
campo de control 24332
003 - IDENTIFICADOR DE NÚMERO DE CONTROL
campo de control ES-MaACL
005 - FECHA Y HORA DE LA ÚLTIMA TRANSACCIÓN
campo de control 20240312062528.0
007 - CAMPO FIJO DE DESCRIPCIÓN FÍSICA--INFORMACIÓN GENERAL
campo de control de longitud fija t|
008 - DATOS DE LONGITUD FIJA--INFORMACIÓN GENERAL
campo de control de longitud fija 021217s1922 sp ||||1| spa d
100 1# - ENTRADA PRINCIPAL--NOMBRE DE PERSONA
Nombre de persona Antolín Pajares, Guillermo.
9 (RLIN) 21925
245 13 - MENCIÓN DEL TÍTULO
Título La encuadernación del libro en España
Resto del título : [conferencia leída en el Ateneo de Madrid el día 9 de marzo, cuarta de la serie organizada por la Sección de Artes Plásticas, acerca del libro en España /
Mención de responsabilidad, etc. Guillermo Antolín y Pajares].
260 ## - PUBLICACIÓN, DISTRIBUCIÓN, ETC.
Lugar de publicación, distribución, etc. [S.l.] :
Nombre del editor, distribuidor, etc. De la Ciudad de Dios,
Fecha de publicación, distribución, etc. [1922]
300 ## - DESCRIPCIÓN FÍSICA
Extensión P. [421]-449 ;
Dimensiones 24 cm.
500 ## - NOTA GENERAL
Nota general Separata de la revista de "La ciudad de Dios"
610 24 - PUNTO DE ACCESO ADICIONAL DE MATERIA--NOMBRE DE ENTIDAD CORPORATIVA
Nombre de entidad corporativa o nombre de jurisdicción como elemento de entrada Ateneo de Madrid-
Subdivisión de forma Conferencias-
Subdivisión cronológica 1900-1939
9 (RLIN) 1907
650 04 - PUNTO DE ACCESO ADICIONAL DE MATERIA--TÉRMINO DE MATERIA
Término de materia o nombre geográfico como elemento de entrada Encuadernación-
Subdivisión geográfica España.
9 (RLIN) 12242
710 2# - ENTRADA AGREGADA--NOMBRE DE ENTIDAD CORPORATIVA
Nombre de entidad corporativa o nombre de jurisdicción como elemento de entrada Ateneo de Madrid.
Unidad subordinada Sección de Artes Plásticas.
9 (RLIN) 1970
852 ## - LOCALIZACIÓN
Ubicación ES-MaACL
Número de control de estantería 1635-F-5
Nota libre .- Dedicatoria manuscrita de P. Artiñano
Holdings
Estatus retirado Estado de pérdida Estado de daño No para préstamo Colección Biblioteca de origen Biblioteca actual Ubicación en estantería Fecha de adquisición Fuente de adquisición Total de préstamos Signatura topográfica completa Código de barras Visto por última vez Precio de reemplazo Tipo de ítem Koha
        Colección de folletos Biblioteca del Ateneo de Madrid Biblioteca del Ateneo de Madrid Depósito folletos 17/01/2008     1635-F-5 1025088 23/02/2023 23/02/2023 Folleto